00814nam a22001697a 4500003000900000008004100009040007100050082002200121100003400143245008900177260007200266300005600338505018600394650001700580650002000597650002700617AR-CdUCM190416b ||||| |||| 00| 0 spa d aMUNICIPALIDAD PROVINCIAL DEL CUSCOcBIBLIOTECA MUNICIPAL DEL CUSCO aTS / 340.4 /bP45 aPeralta Andia, Javier Rolando aCoparticipacion social o lucha de clases en las convenciones colectivas de trabajo / aCusco :bUniversidad Nacional de San Antonio Abad del Cusco,c1978. a120 hojas ;bpliego de reclamos plegables, c30 cm. aContenido: Sobre la lucha de clases o la coparticipación social -- Sobre la convención colectiva de trabajo -- Lucha de clases y coparticipación social en nuestra sociedad ... aLucha social aClases Sociales aConvención Colectiva